| 000 | 00647nam a22002175i 4500 | ||
|---|---|---|---|
| 001 | 47834 | ||
| 003 | ES-MaACL | ||
| 005 | 20230906161637.0 | ||
| 007 | t| | ||
| 008 | 920427s2002 sp ||||0| spa | ||
| 020 | _a84-7615-758-4 | ||
| 080 | _a512.64 | ||
| 100 | 1 |
_aLipschutz, Seymour. _972513 |
|
| 245 | 1 | 0 |
_aÁlgebra lineal / _cSeymour Lipschutz ; traducción, Celia Martínez Ontalba ; revisión, Lorenzo Abellanas. |
| 250 | _a2ª ed. | ||
| 260 |
_aMadrid : _bMcGraw-Hill, Interamericana de España, _c[2002] |
||
| 300 |
_aX, 553 p. ; _c24 cm. |
||
| 500 | _aÍndice. | ||
| 650 | 4 |
_aÁlgebra lineal. _9155319 |
|
| 852 | 4 |
_aES-MaACL _jL-26367 |
|
| 999 |
_c47834 _d47834 |
||